The Main Parts of the Human Ear - Statistics

General Stats
  • This quiz has been taken 8 times
  • The average score is 5 of 12
Answer Stats
Answer % Correct
Eardrum
100%
Cochlea
71%
Ear canal
57%
Malleus
43%
Stapes
43%
Auditory nerve
29%
Incus
29%
Outer ear
29%
Auricle
14%
Inner ear
14%
Middle ear
14%
Semicircular canals
14%
No matching quizzes found
Score Distribution
Percent of People with Each Score
Percentile by Number Answered
Your Score History
You have not taken this quiz